000 01266nam a2200289Ia 4500
003 GCL
008 140319s9999 xx 000 0 ara d
020 _a2338214977
040 _aGCL /
_cGCL
082 0 4 _a327.112
_bس ا
100 1 _aسعيد اللاوندى
245 1 0 _aامريكا - اوروبا سايكس بيكو جديد فى الشرق الاوسط - ملامح اولية لوفاق دولى جديد /
_cسعيد اللاوندى
250 _aالاولى
260 _aالقاهرة :
_bنهضة مصر للطباعة والنشر والتوزيع ،
_c2006
300 _a260 ص ؛
_c24 سم
650 0 4 _aالاحوال السياسية
650 0 4 _aالتعاون الدولى
650 0 4 _aالسياسة الخارجية
650 0 4 _aالولايات المتحدة الامريكية - الاحوال السياسية
650 0 4 _aالولايات المتحدة الامريكية - الاحزاب السياسية
650 0 4 _aاوربا - العلاقات الخارجية
650 0 4 _aسوريا - الاحوال السياسية
650 0 4 _aالنزاعات السلمية
650 0 4 _aالاصلاح السياسى
650 0 4 _aاوربا - العلاقات الخارجية - ايران
942 _2ddc
_cBK
999 _c8691
_d8691